Loading...
Notation of film hits
| Main Author: | |
|---|---|
| Format: | Printed Book |
| Published: |
Chennai
S N
2005
|
| Subjects: |
| LEADER | 00555nam a22001811a 4500 | ||
|---|---|---|---|
| 020 | |c 0.00 | ||
| 040 | |a SSUS - Library - Kalady | ||
| 082 | |a 780.148 |b THI/N | ||
| 100 | |a Thiyagarajan T H | ||
| 245 | |a Notation of film hits |h [Text] | ||
| 260 | |a Chennai |b S N |c 2005 | ||
| 300 | |a 96p. | ||
| 600 | |a Music | ||
| 600 | |a Notations Music | ||
| 852 | |h 780.148 |i THI/N |p 053781 |9 100.00 |t 0 | ||
| 942 | |c BK | ||
| 999 | |c 31773 |d 31773 | ||
| 952 | |0 0 |1 0 |4 0 |6 780_148000000000000_THI_N |7 0 |9 45909 |a SSUS |b SSUS |d 2015-01-08 |g 100.00 |o 780.148 THI/N |p 053781 |r 2015-01-08 |v 0.00 |w 2015-01-08 |y BK | ||